000 00626nam a2200229Ia 4500
003 OSt
005 20221007074245.0
006 a|||||r|||| 00| 0
007 ta
008 221006b |||||||| |||| 00| 0 eng d
024 _a27,428
037 _cTextual
040 _aFLL
_cFLL
_beng
041 _2eng
_aeng
082 _aZ571,805, K8
100 _aBruzelius Anders
_9690899
245 0 _aAmerican series of foreign penal codes
260 _aN.J.
_bFred B. Rothman & Co., N.J.
_c1968
300 _axiii,1-258p
_ccm.
942 _hZ571,805, K8
_cTEXL
_2CC
999 _c1151717
_d1151717